• 首页
  • 本馆介绍
  • 公告通知
  • 最新文献
  • 馆藏检索
  • 电子资源
  • 读者导购
  • 参考咨询
  • 我的图书馆
  • 登录
  • 详细信息显示
  • 放入我的书架
  • 预约/预借图书
  • 作者相关作品
  • 分类相关作品
  • 丛书相关作品
  • 出版社相关作品

书目信息

  • 表格格式
  • 工作单格式
  • 卡片格式
题名:
网球运动解剖学
    
 
作者: E.保罗·勒特尔(E.PaulRoetert) , 马克S.科瓦奇(MarkS.Kovacs) )著
分册:  
出版信息: 北京   人民邮电出版社  2021.6
页数: 231页
开本: 24cm
丛书名:
单 册:
中图分类: G845.14
科图分类:
主题词: 网球运动
电子资源:
ISBN: 978-7-115-55041-5
000 01375nam0 2200241 45
001 490003
005 20140817144408.0
010    @a978-7-115-55041-5@dCNY99.80
100    @a20210105d2020 em y0chiy0110 ea
101 0  @achi
102    @aCN@b110000
105    @ay z 000yy
106    @ar
200 1  @a网球运动解剖学@Awang qiu yun dong jie pou xue@e第2版@f(美)E.保罗·勒特尔(E.PaulRoetert), (美)马克S.科瓦奇(MarkS.Kovacs)著@g别程远译
210    @a北京@c人民邮电出版社@d2021.6
215    @a231页@d24cm
330    @a本书针对网球运动,以全彩专业人体肌肉解剖图:深入解析骨骼、器官、肌肉、韧带和肌腱活动带动人体运动的原理。 从网球运动员的成功之道、步法训练、下肢、核心肌群和躯干、转体强化训练、肩部、上肢、胸部、背部、胸部、手臂和手腕、恢复到常见运动损伤等11个章节,分门别类地提供了网球运动中各个动作需要运用的肌肉群的科学锻炼方法,分步骤描述和讲解训练动作,帮助你学习针对不同训练目标进行训练调整和编排,获得提升运动表现、降低受伤风险的效果,有效提升运动技能。同时,帮助你通过选用正确的器材以及遵守适当的训练计划,构建身体平衡、预防运动损伤。
606 0  @a网球运动
690    @aG845.14@v5
701  0 @c(美)@aE.保罗·勒特尔(E.PaulRoetert)@AE . bao luo · le te er ( E . P a u l R o e t e r t )@4)著
701  0 @c(美)@a马克S.科瓦奇(MarkS.Kovacs)@Ama ke S . ke wa qi ( M a r k S . K o v a c s )@4著
801    @aCN@b江苏凤凰@c20211018
905    @b1355239-42@dG845.14@e681@f4
    
    网球运动解剖学:第2版/(美)E.保罗·勒特尔(E.PaulRoetert), (美)马克S.科瓦奇(MarkS.Kovacs)著/别程远译.-北京:人民邮电出版社,2021.6
    231页;24cm
    
    
    ISBN 978-7-115-55041-5:CNY99.80
    本书针对网球运动,以全彩专业人体肌肉解剖图:深入解析骨骼、器官、肌肉、韧带和肌腱活动带动人体运动的原理。 从网球运动员的成功之道、步法训练、下肢、核心肌群和躯干、转体强化训练、肩部、上肢、胸部、背部、胸部、手臂和手腕、恢复到常见运动损伤等11个章节,分门别类地提供了网球运动中各个动作需要运用的肌肉群的科学锻炼方法,分步骤描述和讲解训练动作,帮助你学习针对不同训练目标进行训练调整和编排,获得提升运动表现、降低受伤风险的效果,有效提升运动技能。同时,帮助你通过选用正确的器材以及遵守适当的训练计划,构建身体平衡、预防运动损伤。
●
相关链接 在E读中查询图书 在五车中查询图书 在当当中查询图书 在豆瓣中查询图书


正题名:网球运动解剖学     索取号:G845.14/681         预约/预借

序号 登录号 条形码 馆藏地/架位号 状态 备注
1 1355239   213552396   第一样本阅览室/ [索取号:G845.14/681] 在馆    
2 1355240   213552403   第四借阅区/ [索取号:G845.14/681] 在馆    
3 1355241   213552412   第四借阅区/ [索取号:G845.14/681] 在馆    
4 1355242   213552421   第四借阅区/ [索取号:G845.14/681] 在馆    
唐山师范学院图书馆 欢迎您!
大连网信软件有限公司© 版权所有